000
00336nam a2200145Ia 4500
008
230312s9999||||xx |||||||||||||| ||und||
020
_a
9789699739958
082
_a
891.4
_b
MON-N
100
_a
منو بھائی
245
0
_a
ناظم حکمت
260
_b
Jamhori
_a
pak
_c
2014
300
_a
367
650
_a
Literature
942
_c
BK
999
_c
15056
_d
15056